Computers in Everyday Life (Record no. 10929)
[ view plain ]
| 000 -LEADER | |
|---|---|
| fixed length control field | 00266nam a22000977a 4500 |
| 008 - FIXED-LENGTH DATA ELEMENTS--GENERAL INFORMATION | |
| fixed length control field | 180409b ||||| |||| 00| 0 eng d |
| 020 ## - INTERNATIONAL STANDARD BOOK NUMBER | |
| International Standard Book Number | 9789380474410 |
| 100 ## - MAIN ENTRY--PERSONAL NAME | |
| Personal name | Kumar, Kartikey |
| 9 (RLIN) | 6738 |
| 245 ## - TITLE STATEMENT | |
| Title | Computers in Everyday Life |
| 260 ## - PUBLICATION, DISTRIBUTION, ETC. (IMPRINT) | |
| Place of publication, distribution, etc. | New Delhi |
| Name of publisher, distributor, etc. | Cordova Publication |
| Withdrawn status | Lost status | Source of classification or shelving scheme | Damaged status | Koha normalized classification for sorting | Not for loan | Home library | Current library | Shelving location | Date acquired | Total Checkouts | Full call number | Barcode | Date last seen | Date last checked out | Price effective from | Koha item type |
|---|---|---|---|---|---|---|---|---|---|---|---|---|---|---|---|---|
| Dewey Decimal Classification | KUM_004_000000000000000_D8 | Good Samaritan School Library | Good Samaritan School Library | Computer Science | 04/09/2018 | 1 | KUM004 D-8 | KUM13664 | 12/14/2018 | 12/07/2018 | 04/09/2018 | BOOK |